Score 0/12 Timer 05:00
3 Plays Today
% Correct
Addis Ababa
86.8%
Somali
79.5%
Afar
71.9%
Amhara
68.9%
Tigray
65%
Oromia
62.2%
Harari
58%
Gambela
55.8%
Dire Dawa
53.7%
Southern Nations,
Nationalities, and Peoples
50.3%
Benishangul-Gumuz
36.2%
Sidama
27.8%
Remove Ads.
Support Sporcle.
Get the best of Sporcle when you Go Orange. This ad-free experience offers more features, more stats, and more fun while also helping to support Sporcle. Thank you for becoming a member.

You're not logged in!

Compare scores with friends on all Sporcle quizzes.
OR
Log In

Show Comments

Extras

Top Quizzes Today


Score Distribution

Your Account Isn't Verified!

In order to create a playlist on Sporcle, you need to verify the email address you used during registration. Go to your Sporcle Settings to finish the process.

Report this User

Report this user for behavior that violates our Community Guidelines.

Details: